Normal view
MARC view
Entry Topical Term
001 - CONTROL NUMBER
- control field: 17851
003 - CONTROL NUMBER IDENTIFIER
- control field: OSt
005 - DATE AND TIME OF LATEST TRANSACTION
- control field: 20240625144306.0
008 - FIXED-LENGTH DATA ELEMENTS
- fixed length control field: 240625|| aca||aabn | a|a d
040 ## - CATALOGING SOURCE
- Original cataloging agency: OSt
- Transcribing agency: OSt
150 ## - HEADING--TOPICAL TERM
- Topical term or geographic name entry element: Uganda game park
670 ## - SOURCE DATA FOUND
- Source citation: Work cat.: (OSt)8831: Edited by Osmaston, Henry; [et...al] 17849, The Rwenzori Mountains National Park, Uganda:
